| 000 | 00423nam a2200181Ia 4500 | ||
|---|---|---|---|
| 001 | 14267 | ||
| 005 | 20260306164901.0 | ||
| 008 | 260306t1993||||xx |||||||||||||| ||spa|| | ||
| 041 | _aESP | ||
| 082 |
_a510.076 _bV45 1993 |
||
| 100 |
_aVenero B.J. Armando _eAUT |
||
| 245 | 0 | _aMatemática Básica | |
| 260 | _c1993 | ||
| 300 |
_a554 páginas : _c21 cm. |
||
| 650 | _aGEN | ||
| 654 | _aCMA | ||
| 942 |
_cLIB _dJUS _fJUS _2ddc _n |
||
| 999 |
_c14267 _d14267 |
||